Základné tendencie vo vývoji odvetvovej štruktúry ekonomiky Slovenskej republiky dizertačná práca
Saved in:
| Main Author: | |
|---|---|
| Corporate Author: | |
| Other Authors: | |
| Format: | Book |
| Language: | Slovak |
| Published: |
Bratislava
2008
|
| Subjects: | |
| Tags: |
No Tags, Be the first to tag this record!
|
MARC
| LEADER | 00000nam$a2200000$$$4500 | ||
|---|---|---|---|
| 001 | 0093877 | ||
| 005 | 20240109071112.6 | ||
| 041 | 0 | |a slo | |
| 044 | |a SK | ||
| 245 | 1 | 0 | |a Základné tendencie vo vývoji odvetvovej štruktúry ekonomiky Slovenskej republiky |b dizertačná práca |c Alica Pešková ; škol. Pavol Vincúr |
| 264 | 1 | |a Bratislava |c 2008 | |
| 300 | |a 156 s. | ||
| 610 | 2 | 0 | |a Slovensko |
| 610 | 2 | 0 | |a štruktúra ekonomiky odvetvová |
| 610 | 2 | 0 | |a vývoj hospodársky |
| 610 | 2 | 0 | |a zmeny štruktúrne |
| 100 | 1 | |a Pešková, Alica | |
| 700 | 1 | |a Vincúr, Pavol | |
| 710 | 2 | |a Národohospodárska fakulta EU. Katedra hospodárskej politiky | |